LIBRARY & INFORMATION CENTRE, KCAET, TAVANUR

ONLINE PUBLIC ACCESS CATALOGUE (OPAC)

Krishnagatha (Record no. 610)

MARC details
000 -LEADER
fixed length control field 00423cam a2200181ua 4500
041 ## - LANGUAGE CODE
Language code of text/sound track or separate title mal
082 ## - DEWEY DECIMAL CLASSIFICATION NUMBER
Classification number 894.8121
Item number CHE/KR
100 ## - MAIN ENTRY--AUTHOR NAME
Personal name Cherussery, .
245 00 - TITLE STATEMENT
Title Krishnagatha
260 ## - PUBLICATION, DISTRIBUTION, ETC. (IMPRINT)
Place of publication Kottayam :
Name of publisher Sahithya pravarthaka Co-Operative society ,
Year of publication 1953.
300 ## - PHYSICAL DESCRIPTION
Number of Pages 676 ; .
942 ## - ADDED ENTRY ELEMENTS (KOHA)
Koha item type Books
Holdings
Withdrawn status Lost status Damaged status Home library Current library Date acquired Full call number Accession Number Koha item type Public note
Withdrawn   Damaged KAUAET KAUAET 07/04/2012 894.8121 13240 Books  
Withdrawn     KAUAET Malayalam University 07/04/2012 894.8121 8900 Books Transferred to Malayalam University
free website counter